| 000 | 00507pab a2200181 454500 | ||
|---|---|---|---|
| 008 | 180718b2011 xxu||||| |||| 00| 0 eng d | ||
| 100 | _aBaby, P.K. | ||
| 245 | _aIn inflation accounting in India anti-poor? Group-wise and commodity wise analysis of recent inflation data of India | ||
| 260 | _c2011 | ||
| 300 | _ap.507-518. | ||
| 362 | _aJan | ||
| 650 | _aInflation - India | ||
| 650 | _aInflation | ||
| 700 | _aNisha, K.R. | ||
| 773 | _aIndian Journal of Economics | ||
| 908 | _aN | ||
| 909 | _a93067 | ||
| 999 |
_c93067 _d93067 |
||